000
00253nam a22001217a 4500
003
SGT
082
_a
615
_b
PAT
100
_a
PATIL, DR. VIKAS
245
_a
MCQ'S BOOK FOR PHARMACY
260
_a
INDIA
_b
IP PUB.
_c
2022
300
_a
146
942
_2
ddc
_c
BK
999
_c
32492
_d
32492